000 00896nam a22002297a 4500
003 OSt
005 20180423130517.0
008 170708s2018 ua g b 000 0 ara d
020 _a9789774402696
040 _aMa-Un
_bara
_cDar Arab
082 _221
_a344.624046
_bج م م
100 1 _958143
_aالجزولي، محمد الفاتح
245 1 2 _aالمدخل لدراسة التشريعات البيئية /
_cمحمد الفاتح الجزولي.
250 _aط. 1.
260 _aالقاهرة :
_bالدار العالمية،
_c2018.
300 _a225 ص. ؛
_c24 سم.
504 _aيشتمل على إرجاعات ببليوجرافية.
650 4 _aالبيئة
_xقوانين وتشريعات
_zالسودان
_962826
650 4 _aحماية البيئة
_xقوانين وتشريعات
_zالسودان
_962827
650 4 _aالإسلام والبيئة
_913009
942 _cBOOK
999 _c42127
_d311747